[Event "8th Asrian Memorial 2015"]
[Site "Yerevan ARM"]
[Date "2015.06.20"]
[Round "5.16"]
[White "Hairapetian, Anna"]
[Black "Hambardzumian, Yuri"]
[Result "0-1"]
[WhiteTitle "WIM"]
[BlackTitle "IM"]
[WhiteElo "2178"]
[BlackElo "2322"]
[WhiteFideId "13303554"]
[BlackFideId "13302795"]
[EventDate "2015.06.16"]

1. e4 c6 2. d4 d5 3. exd5 cxd5 4. Bd3 Nc6 5. c3 Qc7 6. Ne2 e6 7. Bf4 Bd6 8. Qd2
Nf6 9. Bxd6 Qxd6 10. Qf4 Qxf4 11. Nxf4 Bd7 12. Nd2 e5 13. dxe5 Nxe5 14. O-O-O
O-O-O 15. Nb3 g5 16. Nh3 Bxh3 17. gxh3 Ne4 18. Rhe1 Rhe8 19. Re2 Nf3 20. Re3 Nh4
21. Bb5 Re6 22. Nd4 Rf6 23. f3 Nf2 24. Rg1 Nf5 25. Nxf5 Rxf5 26. Rg2 d4 27. cxd4
Rxb5 28. Rc3+ Kb8 29. Rxf2 Rxd4 30. Re2 a6 31. Re8+ Ka7 32. Re7 Rf4 33. b3 Rb6
34. Kd2 Rh4 35. Re2 Rxh3 36. Rc5 Rd6+ 37. Ke1 h6 38. Rc7 Re6 39. Rxf7 Rxe2+ 40.
Kxe2 Rxh2+ 41. Kd3 Rxa2 42. Rf6 Rh2 43. Rg6 Rh4 44. Kc3 a5 45. Kd3 b6 46. Kc3
Ka6 47. Kd3 Kb5 48. Kc3 Rh3 49. Kb2 Kc5 50. Rf6 h5 51. Rf5+ Kb4 52. Rxg5 Rxf3
53. Rxh5 Rxb3+ 54. Ka2 Rc3 55. Rh4+ Rc4 56. Rh6 b5 57. Rh5 Rg4 58. Rh2 a4 59.
Rb2+ Ka5 60. Rf2 Rg5 61. Rh2 Rg3 62. Kb2 a3+ 63. Ka2 Ka4 64. Rf2 b4 65. Rf1 Rg4
66. Re1 Rc4 67. Rf1 b3+ 68. Ka1 b2+ 69. Ka2 Rc1 70. Rf4+ Kb5 71. Rb4+ Kc5 72.
Kxa3 Rc3+ 73. Ka4 Rc4 0-1

[Event "8th Asrian Memorial 2015"]
[Site "Yerevan ARM"]
[Date "2015.06.20"]
[Round "5.17"]
[White "Danielyan, Vahe"]
[Black "Vardanian, Haik G."]
[Result "0-1"]
[BlackTitle "FM"]
[WhiteElo "2043"]
[BlackElo "2315"]
[WhiteFideId "13304828"]
[BlackFideId "13303562"]
[EventDate "2015.06.16"]

1. Nf3 b6 2. e4 Bb7 3. Nc3 e6 4. a3 c5 5. d4 cxd4 6. Nxd4 d6 7. g4 a6 8. Be3 Nd7
9. Bg2 Be7 10. Qe2 h5 11. gxh5 Ngf6 12. Rg1 Nc5 13. b4 Ncd7 14. e5 dxe5 15. Bxb7
Qc7 16. Nc6 Qxb7 17. Nxe7 Kxe7 18. O-O-O Qc6 19. Qd2 Rac8 20. Kb2 Rhd8 21. Rxg7
Nf8 22. Qxd8+ Rxd8 23. Rxd8 Kxd8 24. Bg5 Ke7 25. h6 Qf3 26. h7 Qh5 27. Ne4 Nxh7
28. Rxh7 Qxh7 29. Nxf6 Qxh2 30. c4 Kd6 31. Be3 Kc6 32. a4 b5 33. cxb5+ axb5 34.
a5 Qh4 0-1

[Event "8th Asrian Memorial 2015"]
[Site "Yerevan ARM"]
[Date "2015.06.20"]
[Round "5.18"]
[White "Morchiashvili, Bachana"]
[Black "Permyakov, Evgeniy"]
[Result "1-0"]
[WhiteTitle "IM"]
[WhiteElo "2317"]
[BlackElo "2141"]
[WhiteFideId "13602535"]
[BlackFideId "34124923"]
[EventDate "2015.06.16"]

1. d4 Nf6 2. Nf3 g6 3. c4 Bg7 4. g3 O-O 5. Bg2 d6 6. O-O c5 7. Nc3 Nc6 8. d5 Na5
9. Nd2 e5 10. a3 b6 11. e4 Nd7 12. b4 Nb7 13. Bb2 f5 14. f4 Qe7 15. Qc2 Nf6 16.
Rae1 Bd7 17. Nf3 Rae8 18. Qd2 cxb4 19. axb4 Nxe4 20. Nxe4 fxe4 21. Rxe4 Bf5 22.
Ree1 e4 23. Bxg7 Kxg7 24. Ng5 e3 25. Qc3+ Kh6 26. Ne6 Rf6 27. Rxe3 Nd8 28. g4 1-0

[Event "8th Asrian Memorial 2015"]
[Site "Yerevan ARM"]
[Date "2015.06.20"]
[Round "5.19"]
[White "Eranyan, Khachatur"]
[Black "Manukyan, Sargis V."]
[Result "0-1"]
[BlackTitle "FM"]
[WhiteElo "2112"]
[BlackElo "2296"]
[WhiteFideId "13300342"]
[BlackFideId "13303465"]
[EventDate "2015.06.16"]

1. d4 Nf6 2. e3 g6 3. b3 Bg7 4. Bb2 c5 5. Nf3 O-O 6. Nbd2 cxd4 7. exd4 d5 8. Bd3
Nc6 9. O-O Nh5 10. c3 Nf4 11. Bc2 Bg4 12. h3 Bd7 13. Re1 Qc7 14. Rc1 Rfe8 15.
Bb1 Rad8 16. c4 dxc4 17. Ne5 Nxe5 18. dxe5 Bc6 19. Rxc4 Nxg2 20. Ree4 Qd7 21.
Red4 Qxh3 22. Rxc6 bxc6 23. Nf3 Nf4 24. Ne1 Rxd4 25. Bxd4 Rd8 0-1

[Event "8th Asrian Memorial 2015"]
[Site "Yerevan ARM"]
[Date "2015.06.20"]
[Round "5.20"]
[White "Deslandes, Pascal"]
[Black "Ilyashev, Yerzhan"]
[Result "1/2-1/2"]
[WhiteTitle "FM"]
[WhiteElo "2287"]
[BlackElo "2128"]
[WhiteFideId "605239"]
[BlackFideId "13706314"]
[EventDate "2015.06.16"]

1. e4 c6 2. d4 d5 3. e5 Bf5 4. Nf3 e6 5. Be2 Nd7 6. O-O Ne7 7. Nbd2 Nc8 8. c3
Be7 9. Ne1 O-O 10. f4 Bg6 11. Nc2 f6 12. Ne3 fxe5 13. fxe5 Bg5 14. Nf3 Bf4 15.
Qe1 Be4 16. g3 Bh6 17. Ng2 Bxc1 18. Qxc1 c5 19. Nf4 Qb6 20. Qe3 Ne7 21. g4 Ng6
22. Nxg6 Bxg6 23. b3 a5 24. Nd2 Rxf1+ 25. Rxf1 a4 26. h4 axb3 27. axb3 cxd4 28.
cxd4 Ra2 29. h5 Be4 30. Nxe4 dxe4 31. Qxe4 Qxb3 32. Bd3 g6 33. hxg6 Qb2 34.
gxh7+ Kh8 35. Be2 Qxe2 36. Qxe2 Rxe2 37. Rf7 Nxe5 38. dxe5 Rxe5 39. Rxb7 Rg5 1/2-1/2

[Event "8th Asrian Memorial 2015"]
[Site "Yerevan ARM"]
[Date "2015.06.21"]
[Round "6.1"]
[White "Hovhannisyan, Robert"]
[Black "Khismatullin, Denis"]
[Result "1-0"]
[WhiteTitle "GM"]
[BlackTitle "GM"]
[WhiteElo "2599"]
[BlackElo "2646"]
[WhiteFideId "13302507"]
[BlackFideId "4142578"]
[EventDate "2015.06.16"]

1. e4 c6 2. d4 d5 3. e5 Bf5 4. Be2 e6 5. Nf3 Nd7 6. O-O h6 7. a4 Bb4 8. c3 Ba5
9. Ne1 Ne7 10. b4 Bc7 11. a5 O-O 12. Nd2 g5 13. f4 gxf4 14. Ndf3 Ng6 15. Bd3 Be4
16. Qe2 f5 17. Bc2 Kh7 18. Nd3 Rg8 19. Nxf4 Nxf4 20. Bxf4 Rg4 21. Bxe4 dxe4 22.
Nd2 Nf6 23. g3 Nd5 24. Nxe4 Nxc3 25. Nf6+ Qxf6 26. Qxg4 fxg4 27. exf6 Bxf4 28.
gxf4 Kg6 29. a6 Rb8 30. Rae1 Kxf6 31. f5 exf5 32. Re5 bxa6 33. Rexf5+ Ke6 34.
Re5+ Kd6 35. Rf6+ Kd7 36. Ree6 Nd5 37. Rd6+ Ke7 38. Rfe6+ Kf7 39. Rxh6 Kg7 40.
Rdg6+ Kf7 41. Rxc6 Rb6 42. Rxb6 axb6 43. Rd6 Nxb4 44. Rxb6 Nc2 45. d5 Ne3 46. d6
Nf5 47. Rxa6 g3 48. h3 1-0

[Event "8th Asrian Memorial 2015"]
[Site "Yerevan ARM"]
[Date "2015.06.21"]
[Round "6.3"]
[White "Efimenko, Zahar"]
[Black "Baghdasaryan, Vahe"]
[Result "1/2-1/2"]
[WhiteTitle "GM"]
[BlackTitle "IM"]
[WhiteElo "2647"]
[BlackElo "2402"]
[WhiteFideId "14107201"]
[BlackFideId "13303139"]
[EventDate "2015.06.16"]

1. e4 c5 2. Nf3 e6 3. Nc3 Nc6 4. Bb5 Nge7 5. O-O a6 6. Bxc6 Nxc6 7. d4 cxd4 8.
Nxd4 Be7 9. Nxc6 bxc6 10. e5 O-O 11. Bf4 f6 12. exf6 Rxf6 13. Bd6 Rf5 14. Ne4
Rd5 15. Bxe7 Qxe7 16. Qe2 c5 17. c4 Rd4 18. Rad1 Rxd1 19. Rxd1 Bb7 20. Qe3 Bxe4
21. Qxe4 Rf8 22. f3 Qf6 23. b3 Qb2 24. Rxd7 Qa1+ 25. Kf2 Qxa2+ 26. Kg3 Qxb3 27.
Qxe6+ Kh8 28. Qxa6 Qe3 29. Qa1 Qf4+ 30. Kf2 Rg8 31. h3 Qxc4 32. Qe5 h6 33. Kg3
Qc2 34. Kh2 c4 35. Rc7 Qg6 36. Rxc4 Re8 37. Qd5 Qe6 38. Qxe6 Rxe6 39. Re4 Ra6
40. g4 Ra3 41. Kg3 Kh7 42. h4 Kg6 43. Re6+ Kf7 44. Rb6 Ra5 45. Rb3 Rc5 46. Rd3
Ra5 47. Kf4 Ke6 48. Rd4 Kf6 49. Rd6+ Kf7 50. Ke4 Ra1 51. Ke5 Ke7 52. Rd5 Ra6 53.
f4 Re6+ 54. Kd4 Ra6 55. Rc5 Kf7 56. Kd5 Ra1 57. Rc7+ Kf6 58. Rc6+ Kf7 59. Ke5
Ra5+ 60. Kd4 Ra4+ 61. Rc4 Ra1 62. Ke5 Re1+ 63. Re4 Rg1 64. f5 Ra1 65. g5 hxg5
66. hxg5 g6 67. f6 Rg1 68. Kf4 Rf1+ 69. Kg4 Rg1+ 70. Kh4 Rh1+ 71. Kg3 Rg1+ 72.
Kf4 Rf1+ 73. Ke3 Rf5 74. Rg4 Kf8 75. Rg3 Kf7 76. Ke2 Kf8 77. Ke3 1/2-1/2

[Event "8th Asrian Memorial 2015"]
[Site "Yerevan ARM"]
[Date "2015.06.21"]
[Round "6.4"]
[White "Oleksiyenko, Mykhaylo"]
[Black "Mikaelyan, Arman"]
[Result "1-0"]
[WhiteTitle "GM"]
[BlackTitle "IM"]
[WhiteElo "2629"]
[BlackElo "2437"]
[WhiteFideId "4152417"]
[BlackFideId "13304852"]
[EventDate "2015.06.16"]

1. d4 d5 2. c4 c6 3. Nf3 Nf6 4. e3 e6 5. Nc3 Nbd7 6. Qc2 Bd6 7. b3 O-O 8. Bb2 e5
9. dxe5 Nxe5 10. O-O-O Bg4 11. Nxe5 Bxe5 12. f3 Bh5 13. Bd3 Qe7 14. g4 Bg6 15.
Bxg6 fxg6 16. g5 Nd7 17. cxd5 Rxf3 18. dxc6 bxc6 19. Qe4 Rf2 20. Rhf1 Rxf1 21.
Rxf1 Qe6 22. Kb1 Re8 23. Rd1 Nb6 24. h4 Qf5 25. Qxf5 gxf5 26. Rd3 Kf7 27. a4 a5
28. h5 g6 29. h6 Bc7 30. Bc1 Bd8 31. e4 Be7 32. Rf3 Ke6 33. exf5+ gxf5 34. Ne2
c5 35. Nf4+ Kf7 36. Nd3 Ke6 37. Re3+ Kf7 38. Ne5+ Kf8 39. g6 Rc8 40. gxh7 Bf6
41. Bb2 Nd5 42. Rg3 1-0

[Event "8th Asrian Memorial 2015"]
[Site "Yerevan ARM"]
[Date "2015.06.21"]
[Round "6.6"]
[White "Petrosyan, Tigran S."]
[Black "Harutyunian, Tigran K."]
[Result "1/2-1/2"]
[WhiteTitle "IM"]
[BlackTitle "IM"]
[WhiteElo "2423"]
[BlackElo "2472"]
[WhiteFideId "13303678"]
[BlackFideId "13303635"]
[EventDate "2015.06.16"]

1. Nf3 Nf6 2. c4 e6 3. Nc3 d5 4. d4 Be7 5. Bf4 O-O 6. e3 Nbd7 7. c5 c6 8. h3 b6
9. b4 a5 10. a3 h6 11. Bd3 Ba6 12. O-O Qc8 13. Rb1 axb4 14. axb4 Bxd3 15. Qxd3
Ra3 16. Qc2 Qa6 17. Rfc1 Ra8 18. b5 cxb5 19. Nxb5 Ra2 20. Qd1 bxc5 21. Nc7 Qa4
22. Nxa8 Qxd1+ 23. Rxd1 Rxa8 24. dxc5 Nxc5 25. Rb8+ Rxb8 26. Bxb8 Nfe4 27. Ba7
Nd7 28. Rc1 Bc5 29. Bxc5 Ndxc5 30. Nd4 Nd3 31. Rc8+ Kh7 32. f3 Nd6 33. Rc7 Kg6
34. Ne2 Kf6 35. Nf4 Nxf4 36. exf4 Nb5 37. Rd7 Nc3 38. Kf2 Nd1+ 39. Ke2 Nb2 40.
h4 h5 41. g4 g6 42. Kf2 Nd1+ 43. Kg3 Nc3 44. Kf2 Nd1+ 45. Ke2 Nb2 46. Rb7 Nc4
47. Kf2 Nd2 48. Rd7 Nc4 49. Ra7 Nd2 1/2-1/2

[Event "8th Asrian Memorial 2015"]
[Site "Yerevan ARM"]
[Date "2015.06.21"]
[Round "6.7"]
[White "Hambardzumian, Yuri"]
[Black "Areshchenko, Alexander"]
[Result "1/2-1/2"]
[WhiteTitle "IM"]
[BlackTitle "GM"]
[WhiteElo "2322"]
[BlackElo "2656"]
[WhiteFideId "13302795"]
[BlackFideId "14109530"]
[EventDate "2015.06.16"]

1. d4 Nf6 2. c4 g6 3. Nf3 Bg7 4. Nc3 O-O 5. e4 d6 6. Be2 Nbd7 7. O-O e5 8. Be3
Qe7 9. dxe5 dxe5 10. Nd5 Qd8 11. Qc2 Nh5 12. g4 Nhf6 13. Ne1 Ne8 14. f3 c6 15.
Nb4 Nc7 16. Rd1 Ne6 17. Ng2 Qe7 18. Nd3 b6 19. f4 exf4 20. Ndxf4 Ne5 21. h3 Nxf4
22. Nxf4 Ba6 23. c5 Bxe2 24. Nxe2 b5 25. b3 Rfd8 26. Kg2 a5 27. Ng3 a4 28. Rxd8+
Rxd8 29. Rd1 Ra8 30. Rd6 axb3 31. axb3 Qe8 32. Bf4 Bf8 33. Rd2 Nd7 34. Bd6 Bh6
35. Re2 Qe6 36. e5 Qd5+ 37. Qe4 Qxe4+ 38. Nxe4 Bg7 39. Ng5 Nxe5 40. Bxe5 Bxe5 1/2-1/2

[Event "8th Asrian Memorial 2015"]
[Site "Yerevan ARM"]
[Date "2015.06.21"]
[Round "6.8"]
[White "Vardanian, Haik G."]
[Black "Andriasian, Zaven"]
[Result "0-1"]
[WhiteTitle "FM"]
[BlackTitle "GM"]
[WhiteElo "2315"]
[BlackElo "2600"]
[WhiteFideId "13303562"]
[BlackFideId "13302000"]
[EventDate "2015.06.16"]

1. c4 e5 2. Nc3 Nc6 3. a3 g6 4. b4 Bg7 5. Bb2 d6 6. g3 f5 7. Bg2 Nf6 8. d3 O-O
9. e3 f4 10. e4 Ng4 11. Bf3 h5 12. Nd5 fxg3 13. hxg3 Nd4 14. Bxd4 exd4 15. Bxg4
hxg4 16. Qb3 g5 17. b5 Be6 18. Nb4 a6 19. Qc2 axb5 20. cxb5 d5 21. exd5 Bxd5 22.
Nxd5 Qxd5 23. Rh2 Qxb5 24. Kf1 Rf7 25. Rb1 Qd5 26. a4 c6 27. Re1 b5 28. axb5
cxb5 29. Rb1 Bf8 30. Ne2 b4 31. Nc1 Raa7 32. Nb3 Rac7 33. Qb2 Rc3 34. Nc1 b3 35.
Qd2 Rc2 36. Qd1 Rfxf2+ 0-1

[Event "8th Asrian Memorial 2015"]
[Site "Yerevan ARM"]
[Date "2015.06.21"]
[Round "6.9"]
[White "Ter-Sahakyan, Samvel"]
[Black "Vuilleumier, Alexandre"]
[Result "1/2-1/2"]
[WhiteTitle "GM"]
[BlackTitle "IM"]
[WhiteElo "2586"]
[BlackElo "2354"]
[WhiteFideId "13302531"]
[BlackFideId "1305662"]
[EventDate "2015.06.16"]

1. e4 c5 2. Nf3 d6 3. d4 cxd4 4. Nxd4 Nf6 5. Nc3 g6 6. Be3 Bg7 7. f3 O-O 8. Qd2
Nc6 9. Bc4 Bd7 10. h4 h5 11. O-O-O Rc8 12. Bb3 Ne5 13. Bg5 Rc5 14. Kb1 Re8 15.
Bh6 Nc4 16. Bxc4 Rxc4 17. Bxg7 Kxg7 18. Nd5 e5 19. Nxf6 Qxf6 20. Ne2 Rc6 21. Qe3
Be6 22. Nc3 a6 23. Nd5 Bxd5 24. Rxd5 Rec8 25. Rd2 b5 26. g3 b4 27. Rhh2 a5 28.
a4 bxa3 29. Qxa3 Rb8 30. Rd3 Rb5 31. Rhd2 Rcb6 32. b3 Qe6 33. Kb2 Rc5 34. Rd5
Rbc6 35. Qa1 Qc8 36. Rxc5 Rxc5 1/2-1/2

[Event "8th Asrian Memorial 2015"]
[Site "Yerevan ARM"]
[Date "2015.06.21"]
[Round "6.10"]
[White "Hakobyan, Aram"]
[Black "Zhigalko, Andrey"]
[Result "0-1"]
[WhiteTitle "FM"]
[BlackTitle "GM"]
[WhiteElo "2283"]
[BlackElo "2586"]
[WhiteFideId "13306677"]
[BlackFideId "13502247"]
[EventDate "2015.06.16"]

1. d4 Nf6 2. c4 e6 3. Nc3 Bb4 4. Qc2 O-O 5. a3 Bxc3+ 6. Qxc3 d6 7. Bg5 Nbd7 8.
e3 b6 9. Ne2 c5 10. Rd1 Qc7 11. Qc2 Ba6 12. Nc3 d5 13. cxd5 Bxf1 14. Kxf1 Nxd5
15. Nxd5 exd5 16. dxc5 Qc6 17. Kg1 bxc5 18. h3 h6 19. Bf4 Rfe8 20. Kh2 Nf6 21.
Rc1 g5 22. Bg3 Ne4 23. Rhd1 Rac8 24. Qe2 Qe6 25. Kg1 Red8 26. Bh2 c4 27. Rc2 Nc5
28. Bg3 Kg7 29. f3 Nd3 30. Be1 f6 31. Bc3 Re8 32. Bd4 Re7 33. Rc3 Rb7 34. b3
Rcb8 35. bxc4 dxc4 36. Qc2 Rb2 37. Qa4 Rb1 38. Qc2 Rxd1+ 39. Qxd1 Qa6 40. f4 Rb7
41. Qf3 Rb1+ 42. Kh2 Qe6 43. Qg4 Qxg4 44. hxg4 Rc1 45. Rxc1 Nxc1 46. Bxa7 Nb3
47. fxg5 fxg5 48. e4 Kf6 49. Kg3 c3 50. Be3 Ke5 51. Kf3 c2 52. a4 Kd6 53. g3 Ke5
54. Kf2 Kxe4 55. Ke2 Nd4+ 56. Kf2 Nb3 57. Ke2 c1=Q 58. Bxc1 Nxc1+ 59. Kd2 Na2
60. a5 Nb4 61. Kc3 Nc6 62. a6 Kd5 63. Kd3 Nb4+ 0-1

[Event "8th Asrian Memorial 2015"]
[Site "Yerevan ARM"]
[Date "2015.06.21"]
[Round "6.12"]
[White "Babujian, Levon"]
[Black "Gaboyan, Susanna"]
[Result "1-0"]
[WhiteTitle "GM"]
[WhiteElo "2459"]
[BlackElo "2153"]
[WhiteFideId "13301993"]
[BlackFideId "13303627"]
[EventDate "2015.06.16"]

1. e4 c5 2. Nc3 Nc6 3. Bb5 g6 4. Bxc6 dxc6 5. d3 Bg7 6. Be3 b6 7. Nge2 Nf6 8.
O-O Ng4 9. Bd2 Qd6 10. Bf4 Be5 11. g3 Bxf4 12. Nxf4 g5 13. Ng2 Qh6 14. h4 gxh4
15. Nxh4 Rg8 16. Qf3 Be6 17. Rae1 f6 18. Qg2 O-O-O 19. Nf5 Qf8 20. a4 Bd7 21. a5
e6 22. Nh4 Qd6 23. axb6 axb6 24. Ne2 Kb7 25. Ra1 Ra8 26. Qf3 h5 27. Rxa8 Rxa8
28. Nf4 Qe5 29. c3 Qg5 30. Rd1 Ra2 31. Qe2 e5 32. Nfg2 Qg8 33. Qc2 Be6 34. c4
Qd8 35. Nf3 Qa8 36. Nd2 Qa4 37. Qxa4 Rxa4 38. f3 Nh6 39. Kf2 Ra2 40. b3 Nf7 41.
Ke3 Ng5 42. Nh4 Bf7 43. f4 Ne6 44. fxe5 fxe5 45. Rf1 Be8 46. Rf5 Nd4 47. Rxe5
Bd7 48. Rxh5 Nc2+ 49. Kf4 Ne1 50. Ndf3 Nxd3+ 51. Ke3 Nc1 52. Ne5 Bh3 53. Rh7+
Kc8 54. Nhg6 Bf1 55. Ne7+ Kc7 56. Nf5+ 1-0

[Event "8th Asrian Memorial 2015"]
[Site "Yerevan ARM"]
[Date "2015.06.21"]
[Round "6.14"]
[White "Tiraturyan, David"]
[Black "Petrosyan, Manuel"]
[Result "0-1"]
[BlackTitle "IM"]
[WhiteElo "2232"]
[BlackElo "2449"]
[WhiteFideId "13304402"]
[BlackFideId "13300857"]
[EventDate "2015.06.16"]

1. e4 c5 2. b3 Nc6 3. Bb2 a6 4. g3 d5 5. Bg2 dxe4 6. Bxe4 Nf6 7. Bxc6+ bxc6 8.
Qf3 Qc7 9. Ne2 e5 10. Na3 Bd6 11. Nc4 O-O 12. h3 Re8 13. Nc3 Be6 14. Ne3 c4 15.
Nxc4 Bxc4 16. bxc4 e4 17. Qe3 Rab8 18. Rb1 Qd7 19. Ba1 Qe6 20. c5 Nd5 21. Rxb8
Nxe3 22. Rxe8+ Qxe8 23. dxe3 Be5 24. O-O Qe6 25. Ne2 Bxa1 26. Rxa1 Qc4 27. Rb1
g6 28. Nd4 Qxc5 29. Rb8+ Kg7 30. Rc8 Qc4 31. Rxc6 Qxa2 32. c4 a5 33. c5 Qc4 34.
Rc7 Qa6 35. Rc6 Qa7 36. Nb5 Qd7 37. Rb6 Qd1+ 38. Kg2 Qf3+ 39. Kg1 Qd1+ 40. Kg2
Qf3+ 41. Kg1 Qh5 42. c6 Qc5 43. c7 Qxb6 44. c8=Q Qxb5 45. Qc3+ Kf8 46. Qc8+ Ke7
47. Qc7+ Ke6 48. Qc8+ Kd5 49. Qa8+ Kc4 50. Qxe4+ Kc3 51. Qe7 a4 52. Qa3+ Qb3 53.
Qc1+ Kd3 54. e4 a3 55. Kg2 Kxe4 56. Qf4+ Kd3 57. Qf3+ Kc2 58. Qe2+ Kc3 59. Qe5+
Kd2 60. Qd4+ Kc2 61. Qe4+ Qd3 62. Qa4+ Kb2 63. Qb4+ Ka1 64. Kh2 h5 65. h4 Ka2
66. Kg2 f5 67. Kh2 Qe2 68. Qb6 Qc2 69. Qe6+ Kb2 70. Qe5+ Qc3 71. Qe2+ Kc1 72.
Qe6 Qd4 73. Qe1+ Kc2 74. Qe2+ Kc3 75. Qe1+ Kb3 76. Qe6+ Qc4 77. Qb6+ Kc2 78.
Qxg6 Qc5 79. Kg2 a2 80. Qa6 Qd5+ 81. Kh2 Kd2 82. Qa7 Ke2 83. Qe3+ Kf1 84. Qc1+
Kxf2 85. Qb2+ Ke3 86. Qa1 Ke2 87. Kh3 Qc4 88. Qb2+ Kd3 89. Qa1 Qg4+ 90. Kh2 Qe2+
91. Kh3 f4 92. gxf4 Qf3+ 93. Kh2 Qxf4+ 94. Kh3 Qg4+ 95. Kh2 Qxh4+ 96. Kg2 Qe4+
97. Kh3 Qe6+ 98. Kg3 Kc2 99. Kf4 Qc4+ 100. Kg5 Qb5+ 0-1

[Event "8th Asrian Memorial 2015"]
[Site "Yerevan ARM"]
[Date "2015.06.21"]
[Round "6.15"]
[White "Hayrapetyan, Hovik"]
[Black "Karatorossian, David"]
[Result "1/2-1/2"]
[WhiteTitle "GM"]
[BlackTitle "IM"]
[WhiteElo "2436"]
[BlackElo "2271"]
[WhiteFideId "13302639"]
[BlackFideId "13300482"]
[EventDate "2015.06.16"]

1. Nf3 Nf6 2. d4 g6 3. c4 Bg7 4. Nc3 O-O 5. g3 c6 6. Bg2 d6 7. O-O Qa5 8. h3 Qa6
9. b3 b5 10. cxb5 cxb5 11. a4 b4 12. Nb5 Qb6 13. Ne5 d5 14. Qc2 a6 15. Nc7 Ra7
16. Nxd5 Nxd5 17. Bxd5 Rc7 18. Qe4 Bxh3 19. Rd1 Be6 20. Nc4 Bxd5 21. Qxd5 Qc6
22. Qg2 Qxg2+ 23. Kxg2 Rd7 24. Bb2 Rfd8 25. e3 e5 26. Rac1 exd4 27. exd4 Bxd4
28. Rxd4 Rxd4 29. Bxd4 Rxd4 30. Ne5 Rd5 31. Rc8+ Kg7 32. Rxb8 Rxe5 33. Rxb4 h5
34. Rc4 a5 35. Kf3 g5 36. Rc6 f6 37. Rb6 Kg6 38. Ra6 Kf5 39. Kg2 Rc5 40. Kf1 Re5
41. Rb6 Rd5 42. f3 g4 43. b4 axb4 44. Rxb4 Rd3 45. Rb5+ 1/2-1/2

[Event "8th Asrian Memorial 2015"]
[Site "Yerevan ARM"]
[Date "2015.06.21"]
[Round "6.16"]
[White "Nadanian, Ashot"]
[Black "Mamyrbay, Assad"]
[Result "1-0"]
[WhiteTitle "IM"]
[WhiteElo "2380"]
[BlackElo "2153"]
[WhiteFideId "13300393"]
[BlackFideId "13708880"]
[EventDate "2015.06.16"]

1. d4 Nf6 2. c4 g6 3. Nc3 d5 4. cxd5 Nxd5 5. Nf3 Bg7 6. Na4 O-O 7. e4 Nb6 8. Be3
Bg4 9. Be2 Nc6 10. d5 Nxa4 11. Qxa4 Bxb2 12. Rb1 Bc3+ 13. Kf1 Bxf3 14. gxf3 Nb8
15. Qb3 Bg7 16. Qxb7 Nd7 17. Kg2 Rb8 18. Qa6 f5 19. Rxb8 Nxb8 20. Qe6+ Kh8 21.
Bc5 Qd7 22. Qxe7 Qxe7 23. Bxe7 Re8 24. Bc5 fxe4 25. Bxa7 Nd7 26. Rc1 exf3+ 27.
Bxf3 Be5 28. Re1 Ra8 29. Rxe5 Nxe5 30. Bd4 Re8 31. Bg4 Kg8 32. Be6+ Nf7 33. a4
Ra8 34. Bd7 Nd8 35. Kf3 Kf7 36. Be5 Ra7 37. Bb5 Ke7 38. Bd4 Ra8 39. Bc5+ Kf6 40.
Ke4 Nf7 41. Bc6 Ra5 42. Bb4 Nd6+ 43. Kd4 Ra7 44. f3 Nc8 45. Kc5 Nd6 46. Kd4 Nc8
47. Bc5 Nb6 48. d6 Ra6 49. dxc7 Nc8 50. Bb7 Rxa4+ 51. Kd5 1-0

[Event "8th Asrian Memorial 2015"]
[Site "Yerevan ARM"]
[Date "2015.06.21"]
[Round "6.17"]
[White "Martirosyan, Haik M."]
[Black "Davtyan, Artur"]
[Result "1-0"]
[WhiteTitle "FM"]
[WhiteElo "2344"]
[BlackElo "1988"]
[WhiteFideId "13306553"]
[BlackFideId "13308327"]
[EventDate "2015.06.16"]

1. d4 Nf6 2. c4 e6 3. Nc3 Bb4 4. e3 Bxc3+ 5. bxc3 d6 6. Bd3 O-O 7. Ne2 b6 8. e4
e5 9. f3 Nc6 10. g4 Nd7 11. Be3 Na5 12. Ng3 Re8 13. h4 Ba6 14. Qe2 exd4 15. cxd4
c5 16. d5 Ne5 17. Rc1 Rb8 18. g5 b5 19. cxb5 Nxd3+ 20. Qxd3 Bxb5 21. Qc3 Nc4 22.
Bf4 Ne5 23. Bxe5 Rxe5 24. Kf2 Qf8 25. Rb1 a6 26. Rhe1 Rbe8 27. f4 R5e7 28. h5 g6
29. e5 dxe5 30. Ne4 1-0

[Event "8th Asrian Memorial 2015"]
[Site "Yerevan ARM"]
[Date "2015.06.21"]
[Round "6.18"]
[White "Mari Ooriad, Pouya"]
[Black "Torosyan, Norayr"]
[Result "0-1"]
[WhiteElo "2200"]
[BlackElo "2336"]
[WhiteFideId "12504726"]
[BlackFideId "13300431"]
[EventDate "2015.06.16"]

1. e4 c6 2. d4 d5 3. e5 Bf5 4. Nc3 a6 5. Be3 Qc7 6. g4 Bd7 7. Bd3 e6 8. Nf3 c5
9. dxc5 Bxc5 10. Qd2 Ne7 11. Bxc5 Qxc5 12. O-O-O Nbc6 13. Rhe1 O-O-O 14. Kb1 h6
15. Na4 Qa7 16. b3 f6 17. Qc3 b5 18. Nb2 d4 19. Qd2 Nd5 20. Rc1 Nc3+ 21. Ka1 Qb6
22. Nd1 Qa5 23. a4 Qb4 24. Kb2 Nxa4+ 25. Ka2 Nc3+ 26. Kb2 Nxe5 27. Rxe5 fxe5 28.
Ra1 Na4+ 29. Kc1 Qxd2+ 30. Kxd2 e4 31. Bxe4 Nc5 32. Bd3 Rhf8 33. Ne5 Kb7 34. b4
Nxd3 35. Nxd3 Kb6 36. Nc5 Bc8 37. Ke2 e5 38. h3 Rf7 39. f3 Rc7 40. Nb2 a5 41.
Kd2 Rf8 42. Ncd3 Rxf3 43. bxa5+ Ka7 44. Nxe5 Rf2+ 0-1

[Event "8th Asrian Memorial 2015"]
[Site "Yerevan ARM"]
[Date "2015.06.21"]
[Round "6.19"]
[White "Fendereski, Nima"]
[Black "Morchiashvili, Bachana"]
[Result "0-1"]
[BlackTitle "IM"]
[WhiteElo "2180"]
[BlackElo "2317"]
[WhiteFideId "12533807"]
[BlackFideId "13602535"]
[EventDate "2015.06.16"]

1. e4 c5 2. Nf3 d6 3. d4 cxd4 4. Nxd4 Nf6 5. f3 Nc6 6. Nc3 e5 7. Nb3 Be7 8. Be3
O-O 9. Be2 a5 10. Nd5 Nxd5 11. exd5 Nb4 12. c3 Na6 13. O-O a4 14. Nd2 Bd7 15.
Nc4 b5 16. Nb6 Rb8 17. Nxd7 Qxd7 18. b3 axb3 19. axb3 Nc5 20. b4 Na4 21. Bxb5
Qxb5 22. Rxa4 Rfc8 23. Ra3 Bf6 24. Qd2 h6 25. Rd1 Rc4 26. Ra5 Qe8 27. Qd3 Rc7
28. Ra6 e4 29. fxe4 Rxc3 30. Qd2 Qxe4 31. Bf2 Rxb4 32. Rc6 Rcb3 33. Rc2 Rb1 34.
Re1 Bd4 35. Rcc1 Rxc1 36. Rxc1 Rb1 37. Bxd4 Rxc1+ 38. Qxc1 Qxd4+ 39. Kh1 Qxd5
40. h3 Kh7 41. Qc2+ f5 42. Qc7 Qc5 43. Qd7 Qc1+ 44. Kh2 Qf4+ 45. Kh1 Qe5 46. Qc7
Qe1+ 47. Kh2 d5 48. Qd7 Qe5+ 49. Kh1 d4 50. Kg1 Qe4 51. Kh1 d3 52. Kg1 Qe3+ 53.
Kh1 Qc1+ 54. Kh2 Qf4+ 55. Kh1 d2 56. Kg1 Qe3+ 57. Kh2 Qe5+ 58. Kh1 Qe1+ 0-1

[Event "8th Asrian Memorial 2015"]
[Site "Yerevan ARM"]
[Date "2015.06.21"]
[Round "6.20"]
[White "Ilyashev, Yerzhan"]
[Black "Chibukhchian, Artur"]
[Result "1/2-1/2"]
[BlackTitle "GM"]
[WhiteElo "2128"]
[BlackElo "2423"]
[WhiteFideId "13706314"]
[BlackFideId "13300717"]
[EventDate "2015.06.16"]

1. Nf3 Nf6 2. b3 b6 3. g3 Bb7 4. Bg2 g6 5. O-O Bg7 6. Bb2 O-O 7. Re1 c5 8. d3
Nc6 9. e4 d6 10. Nbd2 e5 11. Nc4 Re8 1/2-1/2